| 000 | 00544nam a2200181 a 4500 | ||
|---|---|---|---|
| 005 | 20140310183143.0 | ||
| 008 | 020823s19uu xx 00 eng d | ||
| 050 |
_aT 58.6 _b.Al466 2001 |
||
| 100 | _aAlter, Steven. | ||
| 245 |
_aInformation system : _ba management perspective / _cSteven Alter. |
||
| 250 | _a3rd ed. | ||
| 260 |
_aPhilippines: _bPearson Education Asia Pte Ltd., _cc2001. |
||
| 300 |
_axvii. 523 p. : _bill. ; _c26 cm. |
||
| 521 | _aBSBA | ||
| 650 | _aManagment information system | ||
| 942 |
_cBK _2lcc _kFOR |
||
| 999 |
_c19456 _d19456 |
||